Detection of Volatile Organic Compounds in Upland peat by Means of Proton-transfer-reaction Mass Spectrometry; Procedia Chemistry; Vol. 10 : Chemistry and Chemical Engineering in XXI century
| Parent link: | Procedia Chemistry Vol. 10 : Chemistry and Chemical Engineering in XXI century.— 2014.— [P. 203-207] |
|---|---|
| 第一著者: | |
| 団体著者: | |
| その他の著者: | |
| 要約: | Title screen This research represents the results of the detection of volatile organic compounds (VOCs) in the sphagnum moss and peat from two upland bogs located in Germany. Proton-transfer-reaction mass spectrometry (PTR-MS), used for the research, is a high-sensitive method, which permit to detect low concentrations of VOCs in ambient air. Along with natural VOCs of peat plants (generally sphagnum moss), the results of the study showed the presence of anthropogenic VOCs emissions like butanol, toluene, and benzene. This fact testifies about the capability of peat moss to accumulate these compounds. Possible sources of these VOCs in the peat samples can be agricultural machines and the traffic of the nearest roads. Режим доступа: по договору с организацией-держателем ресурса |
| 言語: | 英語 |
| 出版事項: |
2014
|
| 主題: | |
| オンライン・アクセス: | http://dx.doi.org/10.1016/j.proche.2014.10.035 http://earchive.tpu.ru/handle/11683/35495 |
| フォーマット: | 電子媒体 図書の章 |
| KOHA link: | https://koha.lib.tpu.ru/cgi-bin/koha/opac-detail.pl?biblionumber=639491 |
MARC
| LEADER | 00000nla2a2200000 4500 | ||
|---|---|---|---|
| 001 | 639491 | ||
| 005 | 20231101134051.0 | ||
| 035 | |a (RuTPU)RU\TPU\network\3977 | ||
| 035 | |a RU\TPU\network\3975 | ||
| 090 | |a 639491 | ||
| 100 | |a 20150313a2014 k y0engy50 ba | ||
| 101 | 0 | |a eng | |
| 105 | |a y z 100zy | ||
| 135 | |a drcn ---uucaa | ||
| 181 | 0 | |a i | |
| 182 | 0 | |a b | |
| 200 | 1 | |a Detection of Volatile Organic Compounds in Upland peat by Means of Proton-transfer-reaction Mass Spectrometry |f A. M. Mezhibor, B. Bonn | |
| 203 | |a Text |c electronic | ||
| 300 | |a Title screen | ||
| 320 | |a [References: р. 208-209 (18 tit.)] | ||
| 330 | |a This research represents the results of the detection of volatile organic compounds (VOCs) in the sphagnum moss and peat from two upland bogs located in Germany. Proton-transfer-reaction mass spectrometry (PTR-MS), used for the research, is a high-sensitive method, which permit to detect low concentrations of VOCs in ambient air. Along with natural VOCs of peat plants (generally sphagnum moss), the results of the study showed the presence of anthropogenic VOCs emissions like butanol, toluene, and benzene. This fact testifies about the capability of peat moss to accumulate these compounds. Possible sources of these VOCs in the peat samples can be agricultural machines and the traffic of the nearest roads. | ||
| 333 | |a Режим доступа: по договору с организацией-держателем ресурса | ||
| 461 | 0 | |0 (RuTPU)RU\TPU\network\3889 |t Procedia Chemistry | |
| 463 | 0 | |0 (RuTPU)RU\TPU\network\3890 |t Vol. 10 : Chemistry and Chemical Engineering in XXI century |o XV International Scientific Conference dedicated to Professor L. P. Kulyov, 26-29 May 2014, Tomsk, Russia |f National Research Tomsk Polytechnic University (TPU) |v [P. 203-207] |d 2014 | |
| 610 | 1 | |a электронный ресурс | |
| 610 | 1 | |a труды учёных ТПУ | |
| 610 | 1 | |a летучие соединения | |
| 610 | 1 | |a органические соединения | |
| 610 | 1 | |a торф | |
| 610 | 1 | |a масс-спектрометрия | |
| 610 | 1 | |a мох | |
| 610 | 1 | |a sphagnum moss | |
| 610 | 1 | |a upland peat | |
| 610 | 1 | |a volatile organic compounds | |
| 700 | 1 | |a Mezhibor |b A. M. |c geoecology, specialist in the field of environmental Geochemistry |c associate Professor of Tomsk Polytechnic University |f 1982- |g Antonina Mikhailovna |2 stltpush |3 (RuTPU)RU\TPU\pers\32563 | |
| 701 | 1 | |a Bonn |b B. | |
| 712 | 0 | 2 | |a Национальный исследовательский Томский политехнический университет (ТПУ) |b Институт природных ресурсов (ИПР) |b Кафедра геоэкологии и геохимии (ГЭГХ) |h 259 |2 stltpush |3 (RuTPU)RU\TPU\col\18658 |
| 801 | 2 | |a RU |b 63413507 |c 20161228 |g RCR | |
| 856 | 4 | |u http://dx.doi.org/10.1016/j.proche.2014.10.035 | |
| 856 | 4 | |u http://earchive.tpu.ru/handle/11683/35495 | |
| 942 | |c CF | ||